Les 20 meilleurs joueurs de foot des années 2010's - Statistiques

Statistiques générales
  • Ce quiz a été pris 478 fois
  • Le résultat moyen est 17 sur 20
Statistiques - réponses
classement joueur poste nationalité % Correct
1 Messi A argentin
100%
2 Ronaldo A portugais
100%
3 Neymar A brésilien
99%
8 Modric M croate
96%
15 Salah A égyptien
94%
5 Neuer G allemand
93%
9 Benzema A français
92%
10 Lewandowski A polonais
92%
7 Suarez A uruguayen
92%
14 Ibrahimovic A suédois
91%
4 Iniesta M espagnol
90%
13 Hazard A belge
87%
6 Ramos D espagnol
87%
11 Griezmann A français
84%
12 Kroos M allemand
80%
19 Muller A allemand
80%
17 Marcelo D brésilien
72%
16 Robben A néerlandais
70%
18 Ribéry A français
67%
20 Alves D brésilien
62%
Aucun quiz correspondant
Distribution des résultats
% des personnes avec chaque résultat
Percentile par nombre de réponses
Votre historique - résultats
Vous n’avez pas pris ce quiz